La investigación sobre biodiversidad en Colombia : (Registro nro. 8172)

Detalles MARC
000 -CABECERA
Campo de control 01007nam a22002417a 4500
005 - FECHA Y HORA DE LA ULTIMA TRANSACCION
Campo de control 20200104041623.0
008 - ELEMENTOS DE LONGITUD FIJA—INFORMACION GENERAL
Campo de control 101213s2010 ck ad r 001 0 spa d
020 ## - ISBN
ISBN 9789587194470
041 0# - IDIOMA
Código de idioma para texto/pista de sonido o título separado Español
044 ## - PAÍS DE PUBLICACIÓN
País de publicación Colombia
082 04 - NUMERO DE CLASIFICACION DECIMAL DEWEY
Número de clasificación 344.0957
Número del ítem N43i
245 03 - MENCION DE TITULO
Título La investigación sobre biodiversidad en Colombia :
Parte restante del título propuesta de ajustes al régimen de acceso a recursos genéticos y productos derivados, y a la decisión Andina 391 de 1996
Mención de responsabilidad editado por Gabriel Ricardo Nemogá...[et al.]
260 ## - PUBLICACION, DISTRIBUCION, ETC. (PIE DE IMPRENTA)
Lugar de publicación, distribución, etc. Bogotá
Nombre del editor, distribuidor, etc. Universidad Nacional de Colombia
Fecha de publicación, distribución, etc. 2010.
300 ## - DESCRIPCION FISICA
Extensión 247 p.
Otros detalles físicos tablas,gráficas
Dimensiones 24 cm.
504 ## - NOTA DE BIBLIOGRAFIA, ETC.
Nota de bibliografía Incluye referencias bibliográficas (p. 240-247).
650 14 - ASIENTO SECUNDARIO DE MATERIA - TERMINO TEMATICO
Término temático o nombre geográfico como elemento de entrada Conservación de la diversidad biológica
650 24 - ASIENTO SECUNDARIO DE MATERIA - TERMINO TEMATICO
Término temático o nombre geográfico como elemento de entrada Conservación biológica
650 2q - ASIENTO SECUNDARIO DE MATERIA - TERMINO TEMATICO
Término temático o nombre geográfico como elemento de entrada Diversidad biológica
650 24 - ASIENTO SECUNDARIO DE MATERIA - TERMINO TEMATICO
Término temático o nombre geográfico como elemento de entrada Protección del medio ambiente
700 1# - ASIENTO SECUNDARIO - NOMBRE PERSONAL
Nombre personal Ávila-Sánchez, Leidy Andrea
700 1# - ASIENTO SECUNDARIO - NOMBRE PERSONAL
Nombre personal Nemogá Soto, Gabriel Ricardo
Fechas asociadas con el nombre 1960-
942 ## - ELEMENTOS ADICIONALES (KOHA)
Sistema de clasificación Dewey Decimal Classification
Tipo de ítem Impreso
Koha issues (borrowed), all copies 3
Existencias
Withdrawn status Lost status Sistema de Clasificación Damaged status No para préstamo Colección Inventariado Ubicación Permanente Ubicación actual Fecha de adquisición Fuente de Valor Valor Total Checkouts Número topográfico Inventario / Código de Barras Date last seen Date checked out Ejemplar Price effective from Forma de adquisición Tipo de material
    Dewey Decimal Classification     General Inventariado 2017 Bogotá Bogotá 27/02/2014 Instituto 39000.00 3 LB-344.0957 N43i 028499 03/03/2015 03/03/2015 Ej. 1 27/02/2014 Canje Libro
    Dewey Decimal Classification     General Inventariado 2017 Sala Fabio Quevedo Sala Fabio Quevedo 10/06/2016 Instituto 39000.00   LB-344.0957 N43i 042321 10/06/2016   Ej. 2 10/06/2016 Donación Libro